<?xml version="1.0" encoding="UTF-8"?>
<record
    xmlns:xsi="http://www.w3.org/2001/XMLSchema-instance"
    xsi:schemaLocation="http://www.loc.gov/MARC21/slim http://www.loc.gov/standards/marcxml/schema/MARC21slim.xsd"
    xmlns="http://www.loc.gov/MARC21/slim">

  <leader>00767nam a22001577a 4500</leader>
  <controlfield tag="005">20250808110153.0</controlfield>
  <controlfield tag="008">250808b        |||||||| |||| 00| 0 eng d</controlfield>
  <datafield tag="050" ind1=" " ind2=" ">
    <subfield code="a">THE TD 427 .P63 A39 2025</subfield>
    <subfield code="b">C.1</subfield>
  </datafield>
  <datafield tag="100" ind1=" " ind2=" ">
    <subfield code="a">Akwir, Omondi Cornel</subfield>
  </datafield>
  <datafield tag="245" ind1=" " ind2=" ">
    <subfield code="a">Emerging Micropollutants Biomonitoring in Peri-Urban Rivers in Kisumu City, Kenya, Using the African Catfish (Clarias gariepinus) as a Sentinel</subfield>
  </datafield>
  <datafield tag="260" ind1=" " ind2=" ">
    <subfield code="a">Kisii</subfield>
    <subfield code="b">Kisii University</subfield>
    <subfield code="c">2021</subfield>
  </datafield>
  <datafield tag="300" ind1=" " ind2=" ">
    <subfield code="a">xxiv, 243p.:ill.</subfield>
  </datafield>
  <datafield tag="500" ind1=" " ind2=" ">
    <subfield code="a">Includes bibliographical references</subfield>
  </datafield>
  <datafield tag="650" ind1=" " ind2=" ">
    <subfield code="a">1. Water&#x2014;Pollution&#x2014;Kenya&#x2014;Kisumu. 2. Micropollutants&#x2014;Environmental aspects. 3. Aquatic organisms&#x2014;Effect of water pollution on. 4. Clarias gariepinus&#x2014;Effect of water pollution. 5. Fish as bioindicators.</subfield>
  </datafield>
  <datafield tag="942" ind1=" " ind2=" ">
    <subfield code="2">lcc</subfield>
    <subfield code="c">REF</subfield>
  </datafield>
  <datafield tag="999" ind1=" " ind2=" ">
    <subfield code="c">216003</subfield>
    <subfield code="d">216003</subfield>
  </datafield>
  <datafield tag="952" ind1=" " ind2=" ">
    <subfield code="0">0</subfield>
    <subfield code="1">0</subfield>
    <subfield code="2">lcc</subfield>
    <subfield code="4">0</subfield>
    <subfield code="6">THE T D427 P63  A00039 02025</subfield>
    <subfield code="7">0</subfield>
    <subfield code="8">SC</subfield>
    <subfield code="9">372795</subfield>
    <subfield code="a">KSUL</subfield>
    <subfield code="b">KSUL</subfield>
    <subfield code="d">2025-08-08</subfield>
    <subfield code="i">109429</subfield>
    <subfield code="l">0</subfield>
    <subfield code="o">THE TD 427 .P63 A39 2025</subfield>
    <subfield code="p">000000024323</subfield>
    <subfield code="r">2025-08-08 11:03:00</subfield>
    <subfield code="t">C.1</subfield>
    <subfield code="w">2025-08-08</subfield>
    <subfield code="y">REF</subfield>
  </datafield>
</record>
